Trio de Choix - Rois de France - Statistiques

Statistiques générales
  • Ce quiz a été pris 604 fois
  • Le résultat moyen est 11 sur 15
Statistiques - réponses
Question Réponse % Correct

Il est mort assassiné

98%

Il rendait la justice sous un chêne

94%

La collection d’œuvres d’art des rois de France commence principalement sous son règne

94%

Il a été canonisé par l'Église

92%

Il mesurait entre 1,95m et 2m

91%

Il fut Roi de France et de Navarre

89%

Il a démocratisé la poule au pot

85%

Il faisait partie de la dynastie des Valois

82%

La citation "Soutiens la plainte du pauvre jusqu’à ce que la vérité soit déclarée" lui est attribuée

82%

Il accèda au trône à 12 ans

76%

Le panache blanc était son emblème

59%

Il est né à Cognac

54%

Il fut l'époux de Marguerite de Provence

46%

Fernandel a joué dans un film à son nom

41%

Il fut à l'initiative de la fondation de la Sorbonne

37%
Aucun quiz correspondant
Distribution des résultats
% des personnes avec chaque résultat
Percentile par nombre de réponses
Votre historique - résultats
Vous n’avez pas pris ce quiz